00257 a2200085 4500100002400000245004000024300003800064650001400102773005500116 aAGBENORSI, Justice  aPRESEC-LA get new governing board  aFriday, September 22,2023 Page 29 aEducation0 x0855-1529dAccra Daily Graphic 2023tDaily Graphic